000 00680nam a2200229Ia 4500
003 OSt
005 20220925213935.0
006 a|||||r|||| 00| 0
007 ta
008 220923b |||||||| |||| 00| 0 eng d
037 _cGeneral Book
040 _aRTL
_cRTL
_beng
041 _2eng
_aeng
082 _aX:72.73.N8, M0
100 _aMcClelland Peter D. Ed.
_9271708
245 0 _aIntroductory macroeconomics 1980-81
_b Readings on
260 _aLondon
_bCornell University Press UK
_c1980
300 _a222p.
_ccm.
650 _aMacroeconomics
_9186166
942 _hX:72.73.N8, M0
_cGB
_2CC
999 _c564063
_d564063